Význam marketingu pri označovaní potravinárskych produktov bakalárska práca

Uložené v:
Podrobná bibliografia
Hlavný autor: Ružička, Tomáš, 1991-
Korporativný autor: Obchodná fakulta EU. Katedra tovaroznalectva a kvality tovaru
Ďalší autori: Krnáčová, Paulína, 1983-
Médium: Kniha
Jazyk:Slovak
Vydavateľské údaje: Bratislava 2013
Tagy: Pridať tag
Žiadne tagy, Buďte prvý, kto otaguje tento záznam!

MARC

LEADER 00000nbm a2200000 4500
001 0171313
005 20161109112030.4
041 0 |a slo 
044 |a SK 
245 1 0 |a Význam marketingu pri označovaní potravinárskych produktov  |b bakalárska práca  |c Tomáš Ružička ; školiteľ: Paulína Krnáčová 
264 1 |a Bratislava  |c 2013 
300 |a 42 s. 
100 1 |a Ružička, Tomáš, 1991- 
700 1 |a Krnáčová, Paulína, 1983- 
710 2 |a Obchodná fakulta EU. Katedra tovaroznalectva a kvality tovaru